2. Wichtige Daten Teil 2 - Statistiken

Allgemein
  • Dieses Quiz wurde 32 mal gespielt
  • Das Durchschnittsergebnis liegt bei 11 aus 56
Antwortstatistiken
Hint Antwort % Korrekt
30-Jähriger Krieg 1618-1648
67%
Caesar Ermordung 44 v.
56%
Entdeckung amerikas 1492
44%
Beginn der Reformation 1517
44%
Gründung Roms 753 v.
44%
Jungsteinzeit 10000 v.
33%
Wilhelm der Eroberer erobert England wird engl König 1066
33%
Bauernkrieg 1525
33%
Caesar 1. Jhd. v.
33%
1. Olympischen Spiele 776 v. C.
33%
Kaiserkrönung Karl des Großen 800
33%
Eroberung Jerusalems 1099
22%
Sachsen 10. Jh.
22%
Wormser Konkordat 1122
22%
Salier 11. Jh.
22%
Staufer 12. Jh.
22%
Pestwelle in Europa 1348/49
22%
Goldene Bulle 1356
22%
Untergang Oströmisches Reich 1453
22%
Augsburger Religionsfrieden 1555
22%
Westfälischer Frieden 1648
22%
Metallzeit 4000 v.
22%
Untergang Westroms 476
22%
Perserkriege 5. Jh. v.
22%
Karolinger 8./9. Jh.
22%
Frühe Hochkulturen in Ägypten und Mesopotamien Ab 4000 v.
22%
Altsteinzeit Ca 2 Millionen Jahre
22%
Kreuzzüge 1096-13.Jh.
11%
Beginn des Parlamentarismus in England 13./14.Jh
11%
Hanse 13.-17. Jh.
11%
Städtegründung in Europa 13. und 14. Jh.
11%
Wiedereroberung Granadas 1492
11%
Blütezeit der norditalienischen Handelsstädte 15. Jh.
11%
Glorious Revolution in England 1688/89
11%
Augustus 27 v. - 14 n.
11%
Punische Kriege 3.-2. Jhd. v.
11%
Christentum wird Staatsreligion 391
11%
Reichsteilung 395
11%
Blütezeiten der attischen Polis 443-429 v.
11%
Christianisierung Frankreichs 498
11%
Römische Republik 510-27 v.
11%
Flucht/Auszug Mohammeds 622
11%
Eroberung und Besetzung Spaniens durch die Mauren 711-1492
11%
Grieschische Kolonisation 750-550 v.
11%
Karl der Große wird Fränkischer König 768
11%
Sachsenherrschaft 962-1024
11%
Heiliges Römisches Reich Deutscher Nation 962-1806
11%
Zeitalter der Entdeckungen Ab 1500
11%
Attische Demokratie ab 594 v.
11%
Gutenberg: Erfindung des Buchdrucks Um 1450
11%
Investiturstreit 1076-1122
0%
Renaissance/Humanismus 15.-17.Jh
0%
Absolutismus 1661-1715
0%
Belagerung Wiens durch türkische Truppen 1683
0%
Aufstieg des Osmanischen Reiches 16. Jh.
0%
Völkerwanderungszeit der Germanischen Stämme ab 375
0%
Keine übereinstimmenden Quizze gefunden
Verteilung der Resultate
Anzahl Personen mit jedem Resultat
Perzentil nach korrekt beantworteten Fragen
Ihre Resultats-Entwicklung
Sie haben dieses Quiz noch nicht gespielt